000 00622nam a22002172 4500
001 0000005201
005 20151217151955.0
008 070608s xx 000 0 eng d
020 _a8120313860 :
_cKES 2,100
040 _aKABU
_cKABU
050 0 _aTK5105.7
_b.N36 1997
100 1 _aNance, Barry.
_@0000156360
245 1 0 _aIntroduction to networking.
250 _a4th ed.
260 _aNew Delhi :
_bPrentice Hall of India,
_c1997.
300 _axii, 383 p.
650 0 _aLocal area network (Computer networks)
_@0000156361
908 _a070608
950 _@1
999 _c6906
_d6906